000 00568nam a2200229Ia 4500
003 OSt
005 20220924135309.0
006 a|||||r|||| 00| 0
007 ta
008 220923b |||||||| |||| 00| 0 ben d
024 _a290437
037 _cTextual
040 _aARTS
_cARTS
_bben
041 _2ben
_aben
082 _aO111,3N03,1, 157H6
100 _aOrwell George
245 0 _aAnimal farm
260 _c1946
650 _aENGLISH LITERATURE
942 _hO111,3N03,1, 157H6
_cTEXL
_2CC
999 _c440213
_d440213